Movies Quiz

Random Movies or Box Office Quiz

Movie Jumbles II Quiz Stats

 Plays Quiz Updated Jul 5, 2019

Score 0/30 Timer 06:00
4 Plays Today
Jumble Answer % Correct
Notable acting directorsBEN AFFLECK
90.2%
Notable acting directorsCLINT EASTWOOD
88.7%
Cinematographic equipmentCRANE
83.4%
Cinematographic equipmentBOOM POLE
82.1%
Top-grossing movies (2018)VENOM
81.5%
Characters Meryl Streep has playedJULIA CHILD
79.4%
Notable acting directorsJODIE FOSTER
78.1%
Cinematographic equipmentTRIPOD
74.5%
Notable acting directorsMEL GIBSON
71.7%
Characters Meryl Streep has playedMARGARET THATCHER
69.9%
Top-grossing movies (2018)BOHEMIAN RHAPSODY
68.1%
Top-grossing movies (2018)AQUAMAN
67%
Oscar-nominated actresses (2010's)JULIANNE MOORE
61.6%
Notable acting directorsJON FAVREAU
59.7%
Characters Meryl Streep has playedJOANNA KRAMER
58.9%
Jumble Answer % Correct
Cinematographic equipmentREFLECTOR
58.2%
Top-grossing movies (2018)READY PLAYER ONE
56.7%
Oscar-nominated actresses (2010's)NATALIE PORTMAN
51.4%
Top-grossing movies (2018)BLACK PANTHER
50.5%
Oscar-nominated actresses (2010's)JESSICA CHASTAIN
50.2%
Names of Bond girlsHONEY RYDER
50.1%
Oscar-nominated actresses (2010's)BRIE LARSON
46.4%
Names of Bond girlsVESPER LYND
42.8%
Characters Meryl Streep has playedSOPHIE
42.5%
Oscar-nominated actresses (2010's)SALLY HAWKINS
38.4%
Names of Bond girlsDOMINO
25.6%
Characters Meryl Streep has playedMIRANDA PRIESTLY
22%
Cinematographic equipmentMICROPHONE
20.4%
Names of Bond girlsSOLITAIRE
15.9%
Names of Bond girlsCAMILLE MONTES
13.9%

You're not logged in!

Compare scores with friends on all Sporcle quizzes.
OR
Log In

Sporcle TV

Today on Sporcle TV


Watch our educational content, quiz creation guides, and fun videos on Sporcle TV.

Show Comments

Extras

Top Quizzes Today


Score Distribution

Your Account Isn't Verified!

In order to create a playlist on Sporcle, you need to verify the email address you used during registration. Go to your Sporcle Settings to finish the process.

Report this User

Report this user for behavior that violates our Community Guidelines.

Details: